000
00205 a2200097 4500
001
47387
100
_a
Griffith S
245
_a
Air power
260
_a
London
_b
Gerald duckworth
_c
090
_c
30420
_d
30420
942
_a
NUST-CAE
_c
M
_c
22693
999
_c
282460
_d
282460